=LDR 00000nam 2200000 4500 =001 NUTBA000000000002567 =005 20140620100534.0 =006 =007 =008 =020 ##$$a 979-1212-09-0 =035 ##$$a 0010-061400000000510 =040 ##$$a NBPDMAT =082 ##$$a 636.932 33 =090 ##$$a 636.932 33 $b Nur c =100 ##$$a Nur Dyah Naharsari =245 ##$$a Cara merawat hamster / $c Nur Dyah Naharsari =260 ##$$a Jakarta : $b Darma Utama Pusblishing, $c 2006 =300 ##$$a 67 hlm. : $b ilus. ; $c 21 cm. =500 ##$$a Bibliografi : hlm.66 =650 ##$$a Hamster =990 ##$$a 21401567 =990 ##$$a 21400613/BPAP-NTB/20142014 =990 ##$$a 21400613/BPAP-NTB/20142014 =990 ##$$a 21400613/BPAP-NTB/20142014 =990 ##$$a 21400613/BPAP-NTB/20142014 =990 ##$$a 21400613/BPAP-NTB/20142014